La tejedora de vida (Record no. 10111)

MARC details
000 -CABECERA
campo de control de longitud fija 01223nam a2200325 a 4500
001 - NÚMERO DE CONTROL
campo de control BRL_1299
005 - FECHA Y HORA DE LA ÚLTIMA TRANSACCIÓN
campo de control 20190320211132.0
008 - DATOS DE LONGITUD FIJA--INFORMACIÓN GENERAL
campo de control de longitud fija 030114t1987----mx-abo####---#000-0#spa-#
020 ## - NÚMERO INTERNACIONAL ESTÁNDAR DEL LIBRO
Número Internacional Estándar del Libro 9687153121
041 ## - CÓDIGO DE LENGUA
Código de lengua del texto/banda sonora o título independiente spa
044 ## - CÓDIGO DEL PAÍS DE LA ENTIDAD EDITORA/PRODUCTORA
Código MARC del país mx
050 #4 - SIGNATURA TOPOGRÁFICA DE LA BIBLIOTECA DEL CONGRESO
Número de clasificación GT625
Número de documento/Ítem .T45 1987
245 10 - MENCIÓN DE TÍTULO
Título La tejedora de vida
Resto del título colección de trajes mexicanos de Banca Serfiìn
Mención de responsabilidad, etc. Información sobre la indumentaria indígena de Carlota Mapelli Mozzi ; investigación y asesoría general Teresa Castello Yturbide ; realización y diseño Beatrice Trueblood.
260 ## - PUBLICACIÓN, DISTRIBUCIÓN, ETC.
Lugar de publicación, distribución, etc. México
Nombre del editor, distribuidor, etc. Banca Serfin
Fecha de publicación, distribución, etc. 1987
300 ## - DESCRIPCIÓN FÍSICA
Extensión 255 p.
Otras características físicas il., a color, mapas
Dimensiones 32 cm.
500 ## - NOTA GENERAL
Nota general Incluye índice de ilustraciones, índice de gráficas y mapas y glosario
500 ## - NOTA GENERAL
Nota general Au1541
504 ## - NOTA DE BIBLIOGRAFÍA, ETC.
Nota de bibliografía, etc. Bibliografía : p. 244-246
610 24 - PUNTO DE ACCESO ADICIONAL DE MATERIA--NOMBRE DE ENTIDAD CORPORATIVA
Nombre de entidad corporativa o nombre de jurisdicción como elemento de entrada Banca Serfín
9 (RLIN) 9085
650 14 - PUNTO DE ACCESO ADICIONAL DE MATERIA--TÉRMINO DE MATERIA
Término de materia o nombre geográfico como elemento de entrada Indumentaria
Subdivisión geográfica México
9 (RLIN) 808
650 14 - PUNTO DE ACCESO ADICIONAL DE MATERIA--TÉRMINO DE MATERIA
Término de materia o nombre geográfico como elemento de entrada Prendas de vestir
Subdivisión geográfica México
9 (RLIN) 24774
650 14 - PUNTO DE ACCESO ADICIONAL DE MATERIA--TÉRMINO DE MATERIA
Término de materia o nombre geográfico como elemento de entrada Indígenas de México
Subdivisión general Clothing
9 (RLIN) 9086
650 14 - PUNTO DE ACCESO ADICIONAL DE MATERIA--TÉRMINO DE MATERIA
Término de materia o nombre geográfico como elemento de entrada Indian textile fabrics
Subdivisión geográfica México
9 (RLIN) 9087
700 1# - PUNTO DE ACCESO ADICIONAL--NOMBRE DE PERSONA
Nombre de persona Mapelli Mozzi, Carlota
9 (RLIN) 8349
700 1# - PUNTO DE ACCESO ADICIONAL--NOMBRE DE PERSONA
Nombre de persona Castello Yturbide, Teresa
9 (RLIN) 2444
700 1# - PUNTO DE ACCESO ADICIONAL--NOMBRE DE PERSONA
Nombre de persona Trueblood, Beatrice
9 (RLIN) 615
710 2# - PUNTO DE ACCESO ADICIONAL--NOMBRE DE ENTIDAD CORPORATIVA
Nombre de entidad corporativa o nombre de jurisdicción como elemento de entrada Banca Serfín
9 (RLIN) 9085
902 ## - CATALOGADOR
Iniciales GRL
942 ## - ELEMENTOS DE PUNTO DE ACCESO ADICIONAL (KOHA)
Fuente del sistema de clasificación o colocación Library of Congress Classification
Tipo de ítem Koha Libros
Holdings
Estado de retiro Estado de pérdida Estado dañado No para préstamo Localización permanente Ubicación/localización actual Fecha de adquisición Número de inventario Total de préstamos Signatura topográfica completa Código de barras Fecha visto por última vez Precio válido a partir de Tipo de ítem Koha
El ejemplar forma parte de la colección y puede ser consultado según las políticas vigentes.       Biblioteca Centro de Estudios Ruth D. Lechuga Biblioteca Centro de Estudios Ruth D. Lechuga 03/01/2014 Au1541   GT625 .T45 1987 (Au1541) GRL01460 22/03/2019 22/03/2019 Libros